The sabres of paradise. (Record no. 549672)
[ view plain ]
| 000 -LEADER | |
|---|---|
| fixed length control field | 00360cam a22001331 4500 |
| 082 ## - DEWEY DECIMAL CLASSIFICATION NUMBER | |
| Classification number | 947.9 |
| Author Mark | BLA |
| -- | L-30-II, P-65 |
| 100 1# - MAIN ENTRY--PERSONAL NAME | |
| Personal name | Blanch, Lesley. |
| 9 (RLIN) | 446 |
| 245 14 - TITLE STATEMENT | |
| Title | The sabres of paradise. |
| 260 ## - PUBLICATION, DISTRIBUTION, ETC. | |
| Place of publication, distribution, etc. | New York, |
| Name of publisher, distributor, etc. | Viking Press [1960] |
| 300 ## - PHYSICAL DESCRIPTION | |
| Extent | 495 p. |
| Other physical details | illus. |
| Dimensions | 23 cm. |
| 526 ## - STUDY PROGRAM INFORMATION NOTE | |
| Program name | 0 |
| Interest level | 0 |
| Reading level | 0 |
| Title point value | 947_900000000000000_BLA |
| 650 ## - SUBJECT ADDED ENTRY--TOPICAL TERM | |
| Topical term or geographic name entry element | MCE |
| 9 (RLIN) | 379 |
| 942 ## - ADDED ENTRY ELEMENTS (KOHA) | |
| Source of classification or shelving scheme | |
| Koha item type | Book |
| Withdrawn status | Lost status | Source of classification or shelving scheme | Damaged status | Not for loan | Permanent Location | Current Location | Date acquired | Total Checkouts | Full call number | Barcode | Date last seen | Price effective from | Koha item type |
|---|---|---|---|---|---|---|---|---|---|---|---|---|---|
| Military College of Engineering (MCE) | Military College of Engineering (MCE) | 10/03/2014 | 947.9 BLA | MCE-9191 | 10/03/2014 | 10/03/2014 | Book |
